Central Library OPAC University of Rajshahi

The sociology of religion / (Record no. 34815)

MARC details
000 -LEADER
fixed length control field 00844nam a22002651 4500
001 - CONTROL NUMBER
control field 34815
003 - CONTROL NUMBER IDENTIFIER
rucl marc code BD-RjUL
005 - DATE AND TIME OF LATEST TRANSACTION
control field 20211209052221.0
008 - FIXED-LENGTH DATA ELEMENTS--GENERAL INFORMATION
fixed length control field 140217s19661963mau 001 0 eng
035 ## - SYSTEM CONTROL NUMBER
System control number (BD-RjUL)34909
040 ## - CATALOGING SOURCE
Original cataloging agency DLC
Transcribing agency DLC
Modifying agency DLC
-- BD-RjUL
Language of cataloging eng
041 1# - LANGUAGE CODE
Language code of text/sound track or separate title engger
082 00 - DEWEY DECIMAL CLASSIFICATION NUMBER
Classification number 301
Author mark and year WES 1963
100 1# - MAIN ENTRY--PERSONAL NAME
Personal name Weber, Max
Dates associated with a name 1864-1920.
9 (RLIN) 53864
245 14 - TITLE STATEMENT
Title The sociology of religion /
Statement of responsibility, etc. Translated by Ephraim Fischoff. Introd. by Talcott Parsons.
250 ## - EDITION STATEMENT
Edition statement 4th ed.
260 ## - PUBLICATION, DISTRIBUTION, ETC. (IMPRINT)
Place of publication, distribution, etc. London :
Name of publisher, distributor, etc. Methuen & Co Ltd.,,
Date of publication, distribution, etc. c1963.
300 ## - PHYSICAL DESCRIPTION
Pagination lxvii, 308 p. ;
Size 22 cm.
500 ## - GENERAL NOTE
General note "First published in Germany, in 1922 ... under the title 'Religionssoziologie,' from Wirtschaft und Gesellschaft."
504 ## - BIBLIOGRAPHY, ETC. NOTE
Bibliography, etc Includes index.
650 #0 - SUBJECT ADDED ENTRY--TOPICAL TERM
Topical term or geographic name as entry element sociology
9 (RLIN) 5230
942 ## - ADDED ENTRY ELEMENTS (KOHA)
Source of classification or shelving scheme Dewey Decimal Classification
Koha item type Books
Holdings
Lost status Source of classification or shelving scheme Damaged status Not for loan Collection code Permanent Location Current Location Shelving location Date acquired Source of acquisition Cost, normal purchase price Total Checkouts Full call number Date last seen Copy number Koha item type
  Dewey Decimal Classification     Non-fiction Central Library, University of Rajshahi Central Library, University of Rajshahi   29/06/1966 Mirga Book Agency 22.00   301 WES 1963 19/05/2014 C-2 Books